00828cam a22002653a 4500001000500000005001700005020001800022040003500040050001400075082000900089100001900098245006900117260003500186300004000221490001500261505000800276520012500284521002000409521002000429650001900449650002300468650002400491700001500515700003200530103520230908162302.0 a9780439775212 aBVDcBVDdOCLCQdIHIdDLCbeng00aPZ7.B1405 aFic 1 aBaglio, Ben M.10aBeagle in a backpack /cBen M. Baglio ; illustrated by Ann Baum. aNew York :bScholastic,c1996. a142 pages :billustrations ;c20 cm aAnimal Ark aS  aMandy and James are distracted from Halloween planning when a local girl runs away from home with a stolen beagle puppy. a790 bLexile  aN bRaz-Plus  1aDogsvFiction. 1aRunawaysvFiction. 1aHalloweenvFiction.1 aBaum, Ann.1 aBaglio, Ben M.tAnimal Ark.